Cyclisme : 3 équipes 1 coureur - Statistiques

Statistiques générales
  • Ce quiz a été pris 57 fois
  • Le résultat moyen est 4 sur 20
Statistiques - réponses
Équipe 1 Équipe 2 Équipe 3 Réponse % Correct
Team Wiggins INEOS Q36.5 Thomas Pidcock
74%
Wanty-Gobert Cofidis FDJ Guillaume Martin
52%
Sunweb UAE Tudor Marc Hirschi
43%
Barloworld INEOS Israel Chris Froome
40%
Cofidis Quick-Step Alpecin Florian Sénéchal
33%
DSM Tudor Soudal Quick-Step Alberto Dainese
21%
Androni Ag2r Jayco Andrea Vendrame
21%
Mitchelton-Scott Bahrain INEOS Jack Haig
14%
Lotto Sunweb Decathlon Tiesj Benoot
14%
Vorarlberg BMC Alpecin Sylvan Dillier
12%
Etixx-Quick-Step Jumbo-Visma INEOS Laurens De Plus
10%
Movistar Lampre EF Education Rui Costa
10%
Corendon Trinity INEOS Ben Turner
7%
Canondale Sky Lotto Elia Viviani
7%
Lampre (trainee) UAE INEOS Filippo Ganna
7%
Ag2r Astana Israel Hugo Houle
7%
Euskaltel Barhain Cofidis Ion Izagire
7%
Tinkoff - Saxo NTT Pro Cycling EF Education Michael Valgren
7%
Caja Rural NetApp-Endura Q36.5 David De la Cruz
5%
Metec Volkerwessel Alpecin Tim Marsman
5%
Aucun quiz correspondant
Distribution des résultats
% des personnes avec chaque résultat
Percentile par nombre de réponses
Votre historique - résultats
Vous n’avez pas pris ce quiz